| 000 | 00880nas a2200289 4500 | ||
|---|---|---|---|
| 001 | BR2010000176 | ||
| 003 | BR-BrBNA | ||
| 005 | 20231205113818.0 | ||
| 007 | ta | ||
| 008 | 230509b bl.|||p| |||| 00| 00por d | ||
| 040 |
_aBR-BrBNA _bpor _cBiblioteca Nacional de Agricultura |
||
| 041 | _a(Pt) | ||
| 072 | _aF02 | ||
| 100 | 1 | _aOliveira, M.K.T. de | |
| 100 | 1 | _aBezerra Neto, F. | |
| 100 | 1 | _aCâmara, F.A.A. | |
| 100 | 1 | _aNunes, G.H. de S. | |
| 100 | 1 | _aOliveira, F. de A. de | |
| 245 | 1 | _aPropagação "in vitro" da cultura do abacaxizeiro ornamental (Ananas lucidus Miller) | |
| 650 | _aABACAXI | ||
| 650 | _aPROPAGAÇÃO VEGETATIVA | ||
| 650 | _aMICROPROPAGAÇÃO | ||
| 650 | _aPLANTA ORNAMENTAL | ||
| 773 | 0 |
_tCaatinga (Brazil) _xISSN 0100-316X _g(2007), v. 20(3) p. 167-171 _wBR2010000176 |
|
| 909 |
_a202311 _bLúcia _c55 _dLúcia Elande |
||
| 942 |
_2AGRIS _n0 _cANA |
||
| 999 |
_c205749 _d205749 |
||